000 01888nam a2200445 i 4500
003 EG-GICUC
005 20260427132333.0
008 260427s1922 -usado|fr|||| 001 0 eng d
040 _aEG-GiCUC
_beng
_cEG-GiCUC
_dEG-GiCUC
_erda
041 0 _aeng
082 0 4 _221
_a343
_bFO . C
092 0 4 _221
099 _aLaw1 10 343 FO . C 1922
100 1 _aFosdick, Raymond
_eAuthor.
245 1 0 _aCriminal Justice In Cleveland :
_bReports Of The Cleveland Foundation Survey Of The Administration Of Criminal Justice In Cleveland, Ohio /
_cBy Raymond Fosdick, Reginald Heber Smith, And Herbert B. Ehrmann Alfred Bettman, And Howard F. Burns, Burdette G. Lewis, Dr. Herman M. Adle,r Albert M. Kales, M. K. Wisehart, Felix Frankfurter, And Roscoe Pound; Directed And Edited By Roscoe Pound And Felix Frankfurter.
264 1 _aOhio :
_bThe Cleveland Foundation Cleveland,
_c1922.
300 _a729 pages :
_billustrations,
_c24 cm
336 _2rda content
_atext
337 _2rda media
_aComputer
338 _2rda carrier
_aOnline Resource
500 _a
504 _aIncludes bibliographical references and index.
546 _aText in English
650 1 _aCriminal law
700 1 _a Smith , Reginald Heber
_ejoint author.
700 1 _aEhrmann , Herbert B
_ejoint author.
700 1 _aBettman , Alfred
_ejoint author.
700 1 _aBurns , Howard F
_ejoint author.
700 1 _aLewis, Burdette G.
_ejoint author.
700 1 _aAdler , Herman M
_ejoint author.
700 1 _aKales , Albert M
_ejoint author.
700 1 _aWisehart , M. K.
_ejoint author.
700 1 _aFrankfurter , Felix
_ejoint author.
700 1 _aPound , Roscoe
_ejoint author.
700 1 _aPound , Roscoe
_eeditor.
700 1 _aFrankfurter, Felix
_ejoint author.
856 4 0 _uhttps://fll.law.cu.edu.eg/fulltext/bks/B10-11963.pdf
905 _a48
942 _2ddc
_n0
_cBK
_e21
999 _c73700
_d73700